[Event "Ferrol op 31th"]
[Site "Ferrol"]
[Date "2016.07.26"]
[Round "8"]
[White "Lopez Varela, Pablo"]
[Black "Castro Diaz, Rafael"]
[Result "1/2-1/2"]
[WhiteElo "1638"]
[BlackElo "1885"]
[PlyCount "116"]
[EventDate "2016.07.18"]
[EventType "swiss"]
[EventRounds "9"]
[EventCountry "ESP"]
[SourceTitle "EXT 2024"]
[Source "ChessBase"]
[SourceDate "2023.10.10"]
[SourceVersion "1"]
[SourceVersionDate "2023.10.10"]
[SourceQuality "1"]

1. e4 e5 2. Nf3 d6 3. g3 c5 4. Bg2 g6 5. 0-0 Bg7 6. Re1 Nc6 7. Nc3 f5 8. d3 h6 9. Nh4 Nge7 10. exf5 Bxf5 11. Nxf5 Nxf5 12. Qg4 Qf6 13. Nd5 Qf7 14. Nf4 Nce7 15. Ne2 0-0 16. f4 h5 17. Qf3 Rab8 18. c3 b5 19. fxe5 dxe5 20. Be3 Rbc8 21. Qf2 Bh6 22. Bxh6 Nxh6 23. Qxf7+ Nxf7 24. Rf1 Rfd8 25. Rad1 Rd6 26. Rd2 Rcd8 27. Rfd1 Nf5 28. Kf2 Ng5 29. h4 e4 30. Ke1 Nf3+ 31. Bxf3 exf3 32. Ng1 Ne3 33. Rc1 Nf5 34. Kf2 Rxd3 35. Rxd3 Rxd3 36. Nxf3 Kg7 37. Re1 b4 38. cxb4 cxb4 39. Re4 a5 40. Re5 a4 41. Ra5 a3 42. bxa3 bxa3 43. Ra7+ Kf8 44. Ra6 Kg7 45. Rxg6+ Kxg6 46. Ne5+ Kf6 47. Nxd3 Nd6 48. Nb4 Kf5 49. Nc2 Ne4+ 50. Kg2 Nc3 51. Nxa3 Nxa2 52. Nc4 Nc3 53. Kf3 Nd5 54. Ne3+ Nxe3 55. Kxe3 Ke5 56. Kf3 Kf5 57. Ke3 Ke5 58. Kf3 Kf5 1/2-1/2

[Event "Ferrol op 31th"]
[Site "Ferrol"]
[Date "2016.07.24"]
[Round "7"]
[White "Castro Diaz, Rafael"]
[Black "Bustabad Rapa, Eusebio"]
[Result "1/2-1/2"]
[WhiteElo "1885"]
[BlackElo "1823"]
[PlyCount "115"]
[EventDate "2016.07.18"]
[EventType "swiss"]
[EventRounds "9"]
[EventCountry "ESP"]
[SourceTitle "EXT 2024"]
[Source "ChessBase"]
[SourceDate "2023.10.10"]
[SourceVersion "1"]
[SourceVersionDate "2023.10.10"]
[SourceQuality "1"]

1. d4 Nf6 2. Bf4 e6 3. e3 b6 4. c4 Bb7 5. Nf3 Bb4+ 6. Nc3 Ne4 7. Rc1 0-0 8. Bd3 Bxc3+ 9. bxc3 d6 10. 0-0 Nd7 11. h3 f5 12. Nd2 Nxd2 13. Qxd2 g5 14. Bg3 h5 15. Qe2 h4 16. Bh2 Nf6 17. f3 Kh8 18. e4 Qd7 19. e5 Ne8 20. f4 Rg8 21. Qh5+ Qh7 22. Qxh7+ Kxh7 23. fxg5 Rxg5 24. Rc2 dxe5 25. Bxe5 Nd6 26. Rf4 Rh5 27. d5 exd5 28. Bxd6 cxd6 29. Bxf5+ Kh6 30. Bg4 Rg5 31. Bf3 Kg7 32. Rxh4 Rb8 33. Rd4 dxc4 34. Bxb7 Rxb7 35. Rxc4 Rc5 36. Rd4 d5 37. Rcd2 Rxc3 38. Rxd5 Rbc7 39. Rd7+ Kf6 40. Rxc7 Rxc7 41. Rd4 Ke5 42. Ra4 a5 43. h4 Rc2 44. Kh2 Kf5 45. Kh3 Kg6 46. g4 Rc8 47. Kg3 Ra8 48. Rc4 b5 49. h5+ Kg7 50. Rc5 Rb8 51. Kf4 a4 52. Kg5 b4 53. Rc7+ Kg8 54. h6 b3 55. axb3 axb3 56. Rc1 b2 57. Rb1 Kh7 58. Kf4 1/2-1/2